00634nam a22001817a 450000100060000000300090000600500170001500800480003202000160008004000220009610000250011824501600014325000260030326000390032930000310036870000260039970000270042500260DO-SdBNP20180223103945.0151214b 1999 sp xxu||||| |||| 00| 0 spa d a8431633247  aBPMSUbspacBPMSU aMontes, Maria Pilar10aEl arca de los cuentos 5 :beducación primaria : tercer ciclo /cMª Pilar Montes, Mª de la Paz Soler ; ilustración Susana Campillo ... [et al.]  a1ª ed., 5ª reimp.  aBarcelona :bVicens Vives, c1999. a173 p. : bil. ; c27 cm.  a Soler, Mª de la Paz aCampillo, Susanaeil.